• 首页
  • 本馆介绍
  • 公告通知
  • 最新文献
  • 馆藏检索
  • 电子资源
  • 读者导购
  • 参考咨询
  • 我的图书馆
  • 登录
  • 详细信息显示
  • 放入我的书架
  • 预约/预借图书
  • 作者相关作品
  • 分类相关作品
  • 丛书相关作品
  • 出版社相关作品

书目信息

  • 表格格式
  • 工作单格式
  • 卡片格式
题名:
中华人民共和国及其毗邻海区第四纪地质图说明书
    
 
作者: 张宗祜
分册:  
出版信息: 北京   中国地图出版社  1990
页数:
开本: 28cm
丛书名:
单 册:
中图分类: K334
科图分类:
主题词: 东南亚--历史
电子资源:
ISBN: 7-5031-0751-0
000 00627nam0 2200181 450
001 202411159254767883
005 20241118113654.69
010    @a7-5031-0751-0@dCNY98.00
100    @a20241115d km y0chiy0120 ea
101 0  @achi
200 1  @a中华人民共和国及其毗邻海区第四纪地质图说明书@AZhong Hua Ren Min Gong He Guo Ji Qi Pi Lin Hai Qu Di Si Ji Di Zhi Tu Shuo Ming Shu@f张宗祜@FZhang Zong Hu
210    @a北京@c中国地图出版社@d1990
215    @d28cm
606 0  @a东南亚@x历史
690    @aK334@v4
701  0 @a张宗祜@AZhang Zong Hu
801  0 @aCN@b大连网信软件有限公司图书馆·11@c20241118
905    @aZUCC@b1439249@dK334@e63@f1
    
    中华人民共和国及其毗邻海区第四纪地质图说明书/张宗祜.-北京:中国地图出版社,1990
    28cm
    
    
    ISBN 7-5031-0751-0:CNY98.00
    
●
相关链接 在E读中查询图书 在五车中查询图书 在当当中查询图书 在豆瓣中查询图书


正题名:中华人民共和国及其毗邻海区第四纪地质图说明书     索取号:K334/63         预约/预借

序号 登录号 条形码 馆藏地/架位号 状态 备注
1 1439249   214392496   密集书库-资源管理系/ [索取号:K334/63] 在馆    
唐山师范学院图书馆 欢迎您!
大连网信软件有限公司© 版权所有